[Event "Play!"]
[Site "SchemingMind.com"]
[Date "2007.01.08"]
[Round "-"]
[White "ekulrac"]
[Black "Majoanis"]
[Result "0-1"]
[WhiteCountry "SCO"]
[BlackCountry "CAN"]
[WhiteElo "1712"]
[WhiteRD "49"]
[BlackElo "1769"]
[BlackRD "70"]
[GameID "86182"]

1. e4 d6 2. d4 Nf6 3. Nc3 g6 4. Nf3 Bg7 5. Bc4 O-O 6. Bd3 c6 7. h3 Nbd7 8. e5 Ne8 9. exd6 Nxd6 10. O-O e5
11. dxe5 Nxe5 12. Nxe5 Bxe5 13. f4 Bg7 14. Ne4 Nxe4 15. Bxe4 Qb6+ 16. Kh1 Be6 17. f5 gxf5 18. Bxf5 Rad8 19. Bxe6 Rxd1 20. Bxf7+ Rxf7
21. Rxd1 h6
0-1

[Event "Play!"]
[Site "SchemingMind.com"]
[Date "2007.01.09"]
[Round "-"]
[White "Majoanis"]
[Black "ekulrac"]
[Result "1-0"]
[WhiteCountry "CAN"]
[BlackCountry "SCO"]
[WhiteElo "1769"]
[WhiteRD "70"]
[BlackElo "1712"]
[BlackRD "49"]
[GameID "86183"]

1. c4 Nf6 2. Nf3 g6 3. d4 Bg7 4. g3 O-O 5. Bg2 d6 6. O-O Nbd7 7. Nc3 c5 8. d5 Ng4 9. Qc2 Nge5 10. Nxe5 Nxe5
11. b3 Bd7 12. Rb1 Qc8 13. Bb2 Bh3 14. Rbc1 Bxg2 15. Kxg2 h5 16. h3 g5 17. f4 gxf4 18. gxf4 Ng6 19. Ne4 Bxb2 20. Qxb2 Nh4+
21. Kh2 Qf5 22. Rg1+ Ng6 23. Ng5 Qxf4+ 24. Kh1 Qe5 25. Qxe5 dxe5 26. Ne6 Rfc8 27. Ng5 Kg7 28. Rc3 h4 29. Rf3 f6 30. Ne6+ Kh6
31. Rf2 Rg8 32. Nxc5 b6 33. Ne6 a5 34. a3 Kh7 35. b4 axb4 36. axb4 Ra4 37. Rb1 e4 38. c5 bxc5 39. bxc5 Ra3 40. Kh2 Ne5
41. Rb7 Ra1 42. Rxe7+ Kh6 43. Rxf6+ Ng6 44. Nf4 Kg5 45. Rxg6+ Rxg6 46. Nxg6 Kxg6 47. Rxe4
1-0

[Event "Play!"]
[Site "SchemingMind.com"]
[Date "2007.01.12"]
[Round "-"]
[White "BlueMooner"]
[Black "ekulrac"]
[Result "1-0"]
[WhiteCountry "ENG"]
[BlackCountry "SCO"]
[WhiteElo "1983"]
[WhiteRD "88"]
[BlackElo "1712"]
[BlackRD "49"]
[GameID "86736"]

1. d4 d5 2. c4 e6 3. Nf3 f5 4. Nc3 Nf6 5. Qc2 c6 6. Bf4 Bb4 7. a3 Bxc3+ 8. Qxc3 O-O 9. e3 Ne4 10. Qc2 Nd7
11. Bd3 Ndf6 12. Ne5 Bd7 13. f3 Nd6 14. c5 Nc8 15. b4 Ne7 16. h3 Nh5 17. Bh2 a5 18. g4 Nf6 19. O-O g6 20. Bf4 Kg7
21. Qh2 h6 22. g5 hxg5 23. Bxg5 Nh7 24. Bf4 Qe8 25. h4 Nf6 26. Kf2 Rh8 27. Rg1 Nh5 28. Bg5 a4 29. Qg2
1-0

[Event "Play!"]
[Site "SchemingMind.com"]
[Date "2007.01.12"]
[Round "-"]
[White "BlueMooner"]
[Black "Majoanis"]
[Result "1-0"]
[WhiteCountry "ENG"]
[BlackCountry "CAN"]
[WhiteElo "1875"]
[WhiteRD "90"]
[BlackElo "1586"]
[BlackRD "86"]
[GameID "86737"]

1. d4 Nf6 2. c4 e6 3. Nf3 Bb4+ 4. Bd2 Qe7 5. g3 O-O 6. Bg2 Nc6 7. Nc3 Bxc3 8. Bxc3 Ne4 9. Rc1 d6 10. O-O Nxc3
11. Rxc3 e5 12. d5 Nb8 13. b4 a5 14. Ra3 Ra6 15. b5 Ra8 16. Qd2 b6 17. e4 f5 18. Ne1 Nd7 19. Nd3 Nf6 20. exf5 Bxf5
21. f4 e4 22. Nf2
1-0

[Event "Play!"]
[Site "SchemingMind.com"]
[Date "2007.01.12"]
[Round "-"]
[White "ekulrac"]
[Black "BlueMooner"]
[Result "0-1"]
[WhiteCountry "SCO"]
[BlackCountry "ENG"]
[WhiteElo "1712"]
[WhiteRD "49"]
[BlackElo "1983"]
[BlackRD "88"]
[GameID "86738"]

1. e4 c5 2. b4 cxb4 3. d4 e6 4. Bb2 Nf6 5. Nd2 Nc6 6. e5 Nd5 7. Ndf3 d6 8. Nh3 Be7 9. Bd3 f6 10. O-O O-O
11. Nfg5 fxg5 12. Qh5 Rf5 13. Bc1 g6 14. Qe2 Nxd4 15. Qd2 Nf4 16. Bxf5 Nde2+ 17. Kh1 exf5 18. Nxf4 Nxf4 19. Qxb4 dxe5 20. Qb3+ Qd5
21. Qxd5+ Nxd5 22. a3 b6
0-1

[Event "Play!"]
[Site "SchemingMind.com"]
[Date "2007.01.12"]
[Round "-"]
[White "Majoanis"]
[Black "BlueMooner"]
[Result "0-1"]
[WhiteCountry "CAN"]
[BlackCountry "ENG"]
[WhiteElo "1586"]
[WhiteRD "86"]
[BlackElo "1875"]
[BlackRD "90"]
[GameID "86739"]

1. Nf3 d5 2. d4 Nf6 3. c4 dxc4 4. e3 e6 5. Bxc4 c5 6. O-O a6 7. a4 Nc6 8. Qe2 cxd4 9. Rd1 Be7 10. exd4 O-O
11. Nc3 Nb4 12. Ne5 Bd7 13. Bg5 Rc8 14. Re1 Be8 15. Rad1 Rc7 16. Bf4 Nbd5 17. Nxd5 Nxd5 18. Bxd5 Qxd5 19. Ng6 hxg6 20. Bxc7 Bxa4
21. Rc1 Bb4
0-1

[Event "Play!"]
[Site "SchemingMind.com"]
[Date "2007.01.14"]
[Round "-"]
[White "fourluxflakes"]
[Black "BlueMooner"]
[Result "1-0"]
[WhiteCountry "ENG"]
[BlackCountry "ENG"]
[WhiteElo "1898"]
[WhiteRD "68"]
[BlackElo "1889"]
[BlackRD "84"]
[GameID "86857"]

1. e4 c5 2. Nf3 Nc6 3. Bb5 d6 4. O-O Bg4 5. c3 Nf6 6. d4 Qb6 7. Na3 a6 8. Ba4 cxd4 9. cxd4 Bxf3 10. Qxf3 Qxd4
11. Bxc6+ bxc6 12. e5 Nd5 13. exd6 exd6 14. Nc2 Qf6 15. Re1+ Be7 16. Qxf6 Nxf6 17. Nd4 Kd7 18. Bg5 Nd5 19. Bxe7 Nxe7 20. Red1 c5
21. Nf3 f6 22. Rac1 Rab8 23. b3 Rhe8 24. Rxc5 Rbc8 25. Ra5 Ra8 26. Rd4 Nc6 27. Rda4 Nxa5 28. Rxa5 Re2 29. Kf1 Rc2 30. Nd4 Rd2
31. Nf5 g6 32. Ne3 Kc6 33. Ke1 Rd4 34. Ke2 Kb6 35. Rd5 Rxd5 36. Nxd5+ Kb5 37. Nc7+ Kb6 38. Nxa8+ Kb7 39. Kd3 Kxa8 40. Kd4 Kb7
41. Kd5 Kc7 42. b4 h5 43. f4 g5 44. fxg5 fxg5 45. a4 g4 46. g3 Kd7 47. b5 axb5 48. axb5 Kc7 49. b6+ Kxb6 50. Kxd6 Kb5
51. Kd5 Kb4 52. Ke5 Kc3 53. Kf5 Kd4 54. Kg5 Ke4 55. Kxh5 Kf3 56. Kh4 Kg2 57. Kxg4 Kxh2 58. Kf4
1-0

[Event "Play!"]
[Site "SchemingMind.com"]
[Date "2007.01.14"]
[Round "-"]
[White "fourluxflakes"]
[Black "ekulrac"]
[Result "1-0"]
[WhiteCountry "ENG"]
[BlackCountry "SCO"]
[WhiteElo "1894"]
[WhiteRD "76"]
[BlackElo "1711"]
[BlackRD "53"]
[GameID "86858"]

1. e4 Nc6 2. Nf3 e5 3. Bc4 Nf6 4. d3 Be7 5. O-O O-O 6. Re1 d6 7. c3 Nh5 8. d4 Nf6 9. Nbd2 Bg4 10. d5 Nb8
11. Nf1 Nbd7 12. Ng3 Nb6 13. Bb3 a5 14. h3 Bd7 15. Bc2 Qc8 16. Kh2 h6 17. Nh4 Nfxd5 18. Nhf5 Nf4 19. Nxe7+
1-0

[Event "Play!"]
[Site "SchemingMind.com"]
[Date "2007.01.13"]
[Round "-"]
[White "fourluxflakes"]
[Black "Majoanis"]
[Result "1-0"]
[WhiteCountry "ENG"]
[BlackCountry "CAN"]
[WhiteElo "1875"]
[WhiteRD "74"]
[BlackElo "1769"]
[BlackRD "70"]
[GameID "86859"]

1. e4 g6 2. d4 Bg7 3. Nc3 d6 4. f4 Nf6 5. Nf3 O-O 6. Bd3 Na6 7. O-O c5 8. d5 Bg4 9. Qe1 Nb4 10. f5 Nxd3
11. cxd3 Bxf3 12. Rxf3 Nd7 13. Ne2 Ne5 14. Rh3 e6 15. dxe6 fxe6 16. fxe6 Qe7 17. Nf4 Rxf4 18. Bxf4 Qxe6 19. Qh4 h5 20. Rf1 Bf6
21. Bg5 Bxg5 22. Qxg5 Rf8 23. Rxf8+ Kxf8 24. b3 Kf7 25. Re3 a5 26. Qf4+ Kg7 27. Qf1 Ng4 28. Rf3 Qe5 29. Rf7+ Kh6 30. Qf4+
1-0

[Event "Play!"]
[Site "SchemingMind.com"]
[Date "2007.01.14"]
[Round "-"]
[White "BlueMooner"]
[Black "fourluxflakes"]
[Result "1-0"]
[WhiteCountry "ENG"]
[BlackCountry "ENG"]
[WhiteElo "1983"]
[WhiteRD "88"]
[BlackElo "1875"]
[BlackRD "74"]
[GameID "86860"]

1. d4 Nf6 2. c4 g6 3. Nc3 Bg7 4. e4 d6 5. Nf3 O-O 6. Be2 e5 7. O-O Nc6 8. d5 Ne7 9. Ne1 Nd7 10. Be3 f5
11. f3 f4 12. Bf2 h5 13. b4 b6 14. a4 a5 15. c5 axb4 16. cxd6 bxc3 17. dxe7 Qxe7 18. Qb3 Qd6 19. Nd3 g5 20. Qxc3 Rf7
21. Rfc1 Nf8 22. a5 g4 23. axb6 Rxa1 24. Rxa1 cxb6 25. Qxc8
1-0

[Event "Play!"]
[Site "SchemingMind.com"]
[Date "2007.01.14"]
[Round "-"]
[White "ekulrac"]
[Black "fourluxflakes"]
[Result "0-1"]
[WhiteCountry "SCO"]
[BlackCountry "ENG"]
[WhiteElo "1711"]
[WhiteRD "53"]
[BlackElo "1894"]
[BlackRD "76"]
[GameID "86861"]

1. e4 Nf6 2. Bc4 d5 3. exd5 Nxd5 4. Qf3 c6 5. Nc3 e6 6. Nge2 Nd7 7. d4 N7f6 8. O-O Be7 9. Be3 O-O 10. Rad1 Qc7
11. a3 b5 12. Bd3 Bb7 13. Qh3 g6 14. Ne4 Nxe4 15. c3 Nef6 16. Bh6 Rfd8 17. Rfe1 Bd6 18. g3 a6 19. Qf1 c5 20. dxc5 Bxc5
21. h3 Qc6 22. Kh2 Rd7 23. Nf4 Nxf4 24. Bxf4 Rad8 25. Bg5 Be7 26. Bxf6 Bxf6
0-1

[Event "Play!"]
[Site "SchemingMind.com"]
[Date "2007.01.13"]
[Round "-"]
[White "Majoanis"]
[Black "fourluxflakes"]
[Result "0-1"]
[WhiteCountry "CAN"]
[BlackCountry "ENG"]
[WhiteElo "1769"]
[WhiteRD "70"]
[BlackElo "1875"]
[BlackRD "74"]
[GameID "86862"]

1. Nf3 Nf6 2. c4 g6 3. Nc3 Bg7 4. e4 d6 5. d4 O-O 6. Be2 e5 7. O-O Nc6 8. d5 Ne7 9. Nd2 Nd7 10. b4 b6
11. c5 bxc5 12. bxc5 Nxc5 13. Nb3 Nd7 14. Be3 f5 15. f3 f4 16. Bf2 g5 17. g4 fxg3 18. hxg3 Nf6 19. Qc1 Bh3 20. Qxg5 Bxf1
21. Bxf1 Ng6 22. Bh3 Nd7 23. Qxd8 Raxd8 24. Nb5 Rxf3
0-1

[Event "Play!"]
[Site "SchemingMind.com"]
[Date "2007.01.15"]
[Round "-"]
[White "Archon"]
[Black "fourluxflakes"]
[Result "0-1"]
[WhiteCountry "CAN"]
[BlackCountry "ENG"]
[WhiteElo "1660"]
[WhiteRD "74"]
[BlackElo "1875"]
[BlackRD "74"]
[GameID "87059"]

1. d4 Nf6 2. Nf3 g6 3. Bf4 Bg7 4. e3 O-O 5. h3 c5 6. Nbd2 Nc6 7. c3 cxd4 8. exd4 d6 9. Bc4 Bf5 10. O-O a6
11. Re1 b5 12. Bb3 Rc8 13. Bh2 Na5 14. Bc2 Bxc2 15. Qxc2 b4 16. Qd3 bxc3 17. bxc3 Rc6 18. Nb3 Nc4 19. Nfd2 Nxd2 20. Qxd2 Qc7
21. Rec1 Ne4 22. Qe2 Nxc3 23. Rxc3 Rxc3 24. Qxa6 Qc4 25. Qa7 Qe6 26. Bf4 Rfc8 27. Be3 Rxe3 28. fxe3 Qxe3+ 29. Kh1 e5 30. Rf1 f5
31. Qd7 Rf8 32. Rc1 exd4 33. Qxd6 Be5
0-1

[Event "Play!"]
[Site "SchemingMind.com"]
[Date "2007.01.16"]
[Round "-"]
[White "Archon"]
[Black "BlueMooner"]
[Result "0-1"]
[WhiteCountry "CAN"]
[BlackCountry "ENG"]
[WhiteElo "1660"]
[WhiteRD "74"]
[BlackElo "1983"]
[BlackRD "88"]
[GameID "87060"]

1. d4 d5 2. Nf3 Nf6 3. Bf4 c5 4. c3 Qb6 5. Qb3 Nc6 6. e3 c4 7. Qc2 Bf5 8. Qc1 e6 9. Nbd2 h6 10. h3 Be7
11. Be2 O-O 12. O-O a5 13. Bd1 Bd3 14. Re1 Ne4 15. Bc2 a4 16. a3 g5 17. Bh2 f5 18. Qb1 g4 19. hxg4 fxg4 20. Bxd3 cxd3
21. Ne5 Nxd2 22. Qxd3 Nxe5 23. Bxe5 Ne4 24. Re2 Bh4 25. g3 Bf6
0-1

[Event "Play!"]
[Site "SchemingMind.com"]
[Date "2007.01.15"]
[Round "-"]
[White "Archon"]
[Black "ekulrac"]
[Result "0-1"]
[WhiteCountry "CAN"]
[BlackCountry "SCO"]
[WhiteElo "1702"]
[WhiteRD "91"]
[BlackElo "1711"]
[BlackRD "53"]
[GameID "87061"]

1. d4 d5 2. Nf3 Nf6 3. Bf4 e6 4. e3 Be7 5. Nbd2 Nbd7 6. Bd3 O-O 7. c3 c5 8. h4 a6 9. a4 b6 10. h5 Bb7
11. h6 g6 12. Ne5 cxd4 13. exd4 Ne4 14. Qf3 Nxd2 15. Bxd2 Nxe5 16. dxe5 Qc7 17. Bf4 d4 18. cxd4 Bxf3 19. gxf3 Bb4+
0-1

[Event "Play!"]
[Site "SchemingMind.com"]
[Date "2007.01.15"]
[Round "-"]
[White "Archon"]
[Black "Majoanis"]
[Result "0-1"]
[WhiteCountry "CAN"]
[BlackCountry "CAN"]
[WhiteElo "1660"]
[WhiteRD "74"]
[BlackElo "1769"]
[BlackRD "70"]
[GameID "87062"]

1. d4 d5 2. Nf3 Nf6 3. Bf4 c5 4. c3 Nc6 5. e3 Qb6 6. Qb3 c4 7. Qc2 Bf5 8. Qc1 e6 9. Nbd2 Qd8 10. Be2 Bd6
11. Bd1 O-O 12. Bc2 Bxc2 13. Qxc2 Nh5 14. Bxd6 Qxd6 15. Ng5 Nf6 16. f4 h6 17. Ngf3 b5 18. Ne5 Nd7 19. g4 Ncxe5 20. dxe5 Qc5
21. Ke2 f6 22. exf6 Nxf6 23. Rag1 a5 24. a3 b4 25. axb4 axb4 26. g5 hxg5 27. Rxg5 b3 28. Qg6 Rf7 29. h4 Nh7 30. Rgg1 Qe7
31. h5 Qf6 32. Qg2 Qf5 33. h6 Qd3+ 34. Kf3 Raf8 35. hxg7 Rxf4+
0-1

[Event "Play!"]
[Site "SchemingMind.com"]
[Date "2007.01.15"]
[Round "-"]
[White "fourluxflakes"]
[Black "Archon"]
[Result "0-1"]
[WhiteCountry "ENG"]
[BlackCountry "CAN"]
[WhiteElo "1875"]
[WhiteRD "74"]
[BlackElo "1660"]
[BlackRD "74"]
[GameID "87063"]

1. e4 c5 2. Nf3 d6 3. Bb5+ Bd7 4. Bxd7+ Nxd7 5. O-O Ngf6 6. Re1 e6 7. c3 Be7 8. d4 O-O 9. Bg5 h6 10. Bh4 Re8
11. Nbd2 Rc8 12. e5 dxe5 13. dxe5 Nd5 14. Bxe7 Qxe7 15. Ne4 Rf8 16. Nd6 Rb8 17. h3 Nc7 18. Qd2 Ne8 19. Ne4 Nc7 20. Qf4 Ne8
21. Re3 b6 22. Nh2 c4 23. Ng4 Nc5 24. Nxh6+ Kh8 25. Nxc5 bxc5 26. Ng4 Rxb2 27. Qxc4 g6 28. Rd1 Kg7 29. Red3 Rb7 30. Qf4 Rh8
31. Nf6 Nxf6 32. exf6+ Qxf6 33. Qe4 Rb2 34. Rf3 Qe7 35. Qa4 Rd8 36. Rfd3 Rxd3 37. Rxd3 Rb1+ 38. Kh2 Qc7+ 39. g3 Qb7 40. Rd1 Rxd1
41. Qxd1 Qd5 42. Qb3 c4 43. Qa3 Qd2 44. Kg2 Kf6 45. Qxa7 Qxc3 46. a4 Qd2 47. h4 c3 48. Qa5 Qd5+
0-1

[Event "Play!"]
[Site "SchemingMind.com"]
[Date "2007.01.16"]
[Round "-"]
[White "BlueMooner"]
[Black "Archon"]
[Result "1-0"]
[WhiteCountry "ENG"]
[BlackCountry "CAN"]
[WhiteElo "1983"]
[WhiteRD "88"]
[BlackElo "1660"]
[BlackRD "74"]
[GameID "87064"]

1. e4 e5 2. Nf3 Nc6 3. Bb5 Bc5 4. O-O d6 5. c3 Bd7 6. d4 Bb6 7. dxe5 dxe5 8. Nbd2 Nge7 9. Nc4 O-O 10. Qd3 Ng6
11. Rd1 Bg4 12. Qf1 Qf6 13. Nxb6 axb6 14. Bg5 Qe6 15. Bc4 Bxf3 16. Bxe6 Bxd1 17. Bxf7+ Rxf7 18. Qxd1 Nf4 19. f3 Ne6 20. Bh4 h6
21. Qb3 Ned8 22. Rd1 Kf8 23. Qc4 Ke8 24. b4 g5 25. Bg3 Rg7 26. Qd5 Kf8 27. Rd2 Re7 28. b5 Na5 29. Bxe5 Nf7 30. Bf6 Ree8
31. Qf5 Nc4 32. Qg6
1-0

[Event "Play!"]
[Site "SchemingMind.com"]
[Date "2007.01.15"]
[Round "-"]
[White "ekulrac"]
[Black "Archon"]
[Result "1-0"]
[WhiteCountry "SCO"]
[BlackCountry "CAN"]
[WhiteElo "1712"]
[WhiteRD "49"]
[BlackElo "1660"]
[BlackRD "74"]
[GameID "87065"]

1. e4 c5 2. Nf3 d6 3. Bb5+ Bd7 4. a4 Nc6 5. Nc3 g6 6. O-O Bg7 7. d3 Nf6 8. h3 O-O 9. Be3 a6 10. Bxc6 Bxc6
11. e5 Nd7 12. e6 fxe6 13. Ng5 Qa5 14. Nxe6 Rf7 15. Nxg7 Kxg7 16. Ne4 Bxe4 17. dxe4 Raf8 18. c3 Qc7 19. f4 e6 20. Qd2 Kg8
21. Rad1 Nf6 22. Qxd6 Qxd6 23. Rxd6 Nxe4 24. Rxe6 Ng3 25. Rf3 Nf5 26. Bxc5 Rd8 27. Re1 Rfd7 28. Bb6 Rd1 29. Rxd1 Rxd1+ 30. Kh2 Rd2
31. Rf2 Rd1 32. g4 Ne7 33. Bd4 Nc6 34. Bf6 Ra1 35. b3 Rb1 36. b4 b5 37. axb5 axb5 38. Rd2
1-0

[Event "Play!"]
[Site "SchemingMind.com"]
[Date "2007.01.15"]
[Round "-"]
[White "Majoanis"]
[Black "Archon"]
[Result "1/2-1/2"]
[WhiteCountry "CAN"]
[BlackCountry "CAN"]
[WhiteElo "1769"]
[WhiteRD "70"]
[BlackElo "1660"]
[BlackRD "74"]
[GameID "87066"]

1. Nf3 d5 2. d4 Nf6 3. c4 dxc4 4. e3 Bg4 5. Bxc4 e6 6. h3 Bh5 7. Nc3 Nbd7 8. O-O Bd6 9. e4 e5 10. Be2 O-O
11. dxe5 Nxe5 12. Nxe5 Bxe2 13. Qxe2 Bxe5 14. Rd1 Qe7 15. f4 Bxc3 16. bxc3 Qc5+ 17. Be3 Qxc3 18. Bd4 Qc6 19. Rac1 Qxe4 20. Qxe4 Nxe4
21. Re1 Ng3 22. Rxc7 Nf5 23. Bc3 b6 24. g4 Nd6 25. Bb4 Rfd8 26. Bxd6 Rxd6 27. Ree7 Rf8 28. Rxa7 g6 29. Kf2=
1/2-1/2

[Event "Play!"]
[Site "SchemingMind.com"]
[Date "2007.01.15"]
[Round "-"]
[White "dadshane2000"]
[Black "fourluxflakes"]
[Result "1-0"]
[WhiteCountry "USA"]
[BlackCountry "ENG"]
[WhiteElo "1860"]
[WhiteRD "67"]
[BlackElo "1842"]
[BlackRD "74"]
[GameID "87216"]

1. e4 Nf6 2. e5 Nd5 3. c4 Nb6 4. d4 d6 5. f4 dxe5 6. fxe5 g6 7. Nc3 Bg7 8. c5 Nd5 9. Bc4 c6 10. Nf3 Bg4
11. O-O O-O 12. Qb3 b5 13. Bxd5 cxd5 14. Qxd5 Nd7 15. Nxb5 Qa5 16. a4 a6 17. Nc3 Rab8 18. c6 Qxd5 19. Nxd5 Nb6 20. Nxe7+ Kh8
21. a5 Nc4 22. c7 Rb7 23. Nd5 Rb5 24. h3 Bxf3 25. Rxf3 Rxd5 26. Rc3 Nd6 27. Be3 Nc8 28. Rc6 Ne7 29. Rxa6 Rc8 30. Rc1 Rd7
31. Ra7 Nd5 32. Bf2 Bh6 33. Rc6 Rdxc7 34. Raxc7 Rxc7 35. Rd6 Nb4 36. Rd8+ Kg7 37. Rb8 Nc6 38. Rb5 Na7 39. Rb6 Rc1+ 40. Kh2 Rc2
41. Kg3 Nc8 42. Rb7 Kf8 43. a6 Bg7 44. a7 Nxa7 45. Rxa7 Rxb2 46. Ra8+ Ke7 47. Rg8 Bf8 48. Be3 Rb1 49. Bg5+ Ke8 50. Bh6
1-0

[Event "Play!"]
[Site "SchemingMind.com"]
[Date "2007.01.16"]
[Round "-"]
[White "dadshane2000"]
[Black "BlueMooner"]
[Result "1-0"]
[WhiteCountry "USA"]
[BlackCountry "ENG"]
[WhiteElo "1856"]
[WhiteRD "67"]
[BlackElo "1983"]
[BlackRD "88"]
[GameID "87217"]

1. e4 c5 2. Nf3 Nc6 3. Bb5 d6 4. O-O Bg4 5. c3 Nf6 6. h3 Bh5 7. d4 a6 8. Bxc6+ bxc6 9. Qa4 Qb6 10. dxc5 Qxc5
11. Be3 Qb5 12. Qxb5 cxb5 13. Nbd2 Bg6 14. e5 Nd5 15. Bd4 e6 16. Rfe1 Be7 17. exd6 Bxd6 18. Bxg7 Rg8 19. Bh6 Bf4 20. Bxf4 Nxf4
21. Nh4 Rd8 22. Ndf3 Bh5 23. Kf1 Bxf3 24. Nxf3 Rxg2 25. Re4
1-0

[Event "Play!"]
[Site "SchemingMind.com"]
[Date "2007.01.16"]
[Round "-"]
[White "dadshane2000"]
[Black "Archon"]
[Result "1-0"]
[WhiteCountry "USA"]
[BlackCountry "CAN"]
[WhiteElo "1856"]
[WhiteRD "67"]
[BlackElo "1660"]
[BlackRD "74"]
[GameID "87218"]

1. e4 e5 2. Nf3 Nc6 3. Bb5 Bc5 4. c3 Nf6 5. d4 exd4 6. e5 Ne4 7. cxd4 Bb4+ 8. Nbd2 O-O 9. O-O d5 10. Bxc6 Nxd2
11. Bxd2 Bxd2 12. Qxd2 bxc6 13. Rac1 Bd7 14. Ne1 Rb8 15. Nd3 Rb6 16. Nc5 Qe7 17. Rfe1 Rfb8 18. b3 Be8 19. Qf4 a5 20. Re3 Rb4
21. Na6 a4 22. Nxb8 Rxb8 23. bxa4 Ra8 24. Rb3 Rxa4 25. Qd2 Ra8 26. Rcb1 Qd8 27. Qb2 Kf8 28. Rb8 Rxb8 29. Qxb8 Ke7 30. Qxd8+ Kxd8
31. Rb8+ Ke7 32. a4 c5 33. a5 Bc6 34. a6 c4 35. a7
1-0

[Event "Play!"]
[Site "SchemingMind.com"]
[Date "2007.01.15"]
[Round "-"]
[White "dadshane2000"]
[Black "ekulrac"]
[Result "1-0"]
[WhiteCountry "USA"]
[BlackCountry "SCO"]
[WhiteElo "1856"]
[WhiteRD "67"]
[BlackElo "1712"]
[BlackRD "49"]
[GameID "87219"]

1. e4 Nc6 2. d4 e5 3. Nf3 exd4 4. Nxd4 Bc5 5. Be3 Qf6 6. Nb5 Bxe3 7. fxe3 Qd8 8. Qg4 g6 9. Qf4 d6 10. Bc4 Ne5
11. O-O f6 12. Bxg8 Rxg8 13. Qxf6 Qxf6 14. Rxf6 Kd8 15. N1c3 a6 16. Nd4 Ke7 17. Nd5+ Kd7 18. Raf1 b6 19. Nf3 Nxf3+ 20. R6xf3 Ra7
21. Rf7+ Kc6 22. Ne7+
1-0

[Event "Play!"]
[Site "SchemingMind.com"]
[Date "2007.01.15"]
[Round "-"]
[White "dadshane2000"]
[Black "Majoanis"]
[Result "1-0"]
[WhiteCountry "USA"]
[BlackCountry "CAN"]
[WhiteElo "1860"]
[WhiteRD "67"]
[BlackElo "1702"]
[BlackRD "70"]
[GameID "87220"]

1. e4 Nf6 2. e5 Nd5 3. c4 Nb6 4. d4 d6 5. f4 dxe5 6. fxe5 Nc6 7. Be3 Bf5 8. Nc3 e6 9. Nf3 Bg4 10. Be2 Bxf3
11. gxf3 Qh4+ 12. Bf2 Qf4 13. c5 Nd5 14. Nxd5 exd5 15. Qd2 Qxd2+ 16. Kxd2 O-O-O 17. f4 b6 18. Ba6+ Kb8 19. Bb5 Ne7 20. Bd3 Ng6
21. Be3 bxc5 22. Bxg6 hxg6 23. Kd3 Rh3 24. Ke2 cxd4 25. Bxd4 c5 26. Bf2 Be7 27. Bg3
1-0

[Event "Play!"]
[Site "SchemingMind.com"]
[Date "2007.01.15"]
[Round "-"]
[White "fourluxflakes"]
[Black "dadshane2000"]
[Result "0-1"]
[WhiteCountry "ENG"]
[BlackCountry "USA"]
[WhiteElo "1875"]
[WhiteRD "74"]
[BlackElo "1856"]
[BlackRD "67"]
[GameID "87221"]

1. b3 e5 2. Bb2 Nc6 3. e3 Nf6 4. c4 d5 5. cxd5 Nxd5 6. Nc3 Be6 7. Bb5 f6 8. Nf3 Nxc3 9. Bxc3 Be7 10. O-O O-O
11. Bc4 Bd5 12. Qe2 Kh8 13. d4 e4 14. Bxd5 Qxd5 15. Nd2 Bb4 16. Bxb4 Nxb4 17. f3 exf3 18. Rxf3 Rfe8 19. a3 Nc2 20. Raf1 Nxd4
21. Qf2 Nxf3+ 22. Nxf3 Qxb3 23. Re1 Qxa3 24. Nd4 Qd6 25. Nf5 Qe5 26. e4 b6 27. Qh4 Qc5+ 28. Kh1 Rad8 29. Qg4 Rd7 30. h4 g6
31. Ne3 f5 32. Qg5 Qe7 33. Qh6 Qg7 34. Qg5 Rxe4
0-1

[Event "Play!"]
[Site "SchemingMind.com"]
[Date "2007.01.16"]
[Round "-"]
[White "BlueMooner"]
[Black "dadshane2000"]
[Result "1-0"]
[WhiteCountry "ENG"]
[BlackCountry "USA"]
[WhiteElo "2001"]
[WhiteRD "90"]
[BlackElo "1860"]
[BlackRD "67"]
[GameID "87222"]

1. d4 Nf6 2. c4 c5 3. d5 e6 4. Nc3 exd5 5. cxd5 d6 6. Nf3 g6 7. e4 Bg4 8. Qb3 b6 9. Nd2 Bg7 10. f3 Bd7
11. Be2 O-O 12. Nc4 Bc8 13. Nb5 Ba6 14. Ncxd6 Bxb5 15. Nxb5 a6 16. Nc3 Ne8 17. O-O Nd6 18. Bf4 Re8 19. Qa4 Nb7 20. Bg5 Qd7=
21. Bb5 axb5 22. Qxa8 Nc6 23. dxc6 Qxc6 24. Qa7 Nd6 25. Nd5 Bd4+ 26. Be3 Bxb2 27. Rab1 Nc4 28. Rxb2 Nxb2 29. Ne7+
1-0

[Event "Play!"]
[Site "SchemingMind.com"]
[Date "2007.01.16"]
[Round "-"]
[White "Archon"]
[Black "dadshane2000"]
[Result "1/2-1/2"]
[WhiteCountry "CAN"]
[BlackCountry "USA"]
[WhiteElo "1660"]
[WhiteRD "74"]
[BlackElo "1856"]
[BlackRD "67"]
[GameID "87223"]

1. e4 e5 2. Nf3 Nc6 3. d4 exd4 4. Bc4 Bc5 5. c3 Nf6 6. cxd4 Bb4+ 7. Bd2 Bxd2+ 8. Nbxd2 d5 9. exd5 Nxd5 10. Qb3 Nce7
11. O-O O-O 12. Rfe1 c6 13. Ne4 Nb6 14. Nc5 Nxc4 15. Qxc4 b6 16. Nd3 a5 17. Qb3 Nf5 18. Nde5 Be6 19. Qc3 Bd5 20. Rac1 Rc8
21. Qd3 Nd6 22. h4 f6 23. Ng4 Qd7 24. Ngh2 Rfe8 25. Nf1 Rxe1 26. Rxe1 Bc4 27. Qe3 Re8 28. Qd2 Rxe1 29. Qxe1 Bxa2 30. Ng3 Bd5
31. Qe3 Nc4 32. Qc3 a4 33. h5 b5 34. h6 Qg4 35. Nh2 Qg6 36. hxg7 Kxg7 37. Qb4 Kf7 38. Qc3 Qb1+ 39. Nhf1 Qg6 40. Nd2 Nxd2
41. Qxd2 h5 42. Qf4 Ke6 43. Qc7 h4 44. Qc8+ Kf7 45. Qd7+ Kg8 46. Qc8+ Kh7 47. Qh3 Qg5 48. Qd7+ Qg7 49. Qf5+ Qg6 50. Qd7+ Kh6
51. Nf5+ Kg5 52. Ne3 Qe4 53. Qg7+ Qg6 54. f4+ Kh5 55. Qh8+ Qh6 56. Qe8+=
1/2-1/2

[Event "Play!"]
[Site "SchemingMind.com"]
[Date "2007.01.16"]
[Round "-"]
[White "ekulrac"]
[Black "dadshane2000"]
[Result "0-1"]
[WhiteCountry "SCO"]
[BlackCountry "USA"]
[WhiteElo "1712"]
[WhiteRD "49"]
[BlackElo "1856"]
[BlackRD "67"]
[GameID "87224"]

1. e4 e5 2. Nf3 Nc6 3. Bb5 a6 4. Bxc6 dxc6 5. O-O Qd6 6. d3 Ne7 7. Be3 c5 8. Nbd2 Nc6 9. Nc4 Qf6 10. a4 Bg4
11. Ncd2 Nd4 12. Bxd4 cxd4 13. a5 Bd6 14. h3 Be6 15. Nc4 O-O 16. Re1 Kh8 17. Kh2 Qf4+ 18. g3 Qh6 19. Nh4 g6 20. Nxd6 cxd6
21. c3 dxc3 22. bxc3 Bxh3 23. Qc1 Qxc1 24. Rexc1 Bd7 25. Ng2 f5 26. f4 Bc6 27. Re1 fxe4 28. dxe4 Rae8 29. Rad1 Re6 30. Kg1 exf4
31. Nxf4 Rxe4 32. Rxe4 Bxe4 33. Rxd6 Re8 34. c4 Kg7 35. Nd5 Bxd5 36. Rxd5 Re7 37. Rd6 Kh6 38. Rb6 Rc7 39. Kh2 Rxc4 40. Rxb7 Rc5
41. Kh3 Rxa5 42. g4 Kg5 43. Rxh7 Ra3+ 44. Kg2 Kxg4 45. Rg7 g5 46. Rg6 a5 47. Rg8 Ra2+ 48. Kg1 a4 49. Kf1 a3 50. Ra8 Kg3
0-1

[Event "Play!"]
[Site "SchemingMind.com"]
[Date "2007.01.15"]
[Round "-"]
[White "Majoanis"]
[Black "dadshane2000"]
[Result "0-1"]
[WhiteCountry "CAN"]
[BlackCountry "USA"]
[WhiteElo "1769"]
[WhiteRD "70"]
[BlackElo "1856"]
[BlackRD "67"]
[GameID "87225"]

1. d4 Nf6 2. Nf3 g6 3. c4 Bg7 4. Nc3 d5 5. Qb3 dxc4 6. Qxc4 O-O 7. e4 Nfd7 8. Be3 Nb6 9. Qb3 Bg4 10. Rd1 e6
11. Be2 Nc6 12. Ng1 Bxe2 13. Ngxe2 Qe7 14. O-O Na5 15. Qc2 Nac4 16. Bc1 e5 17. d5 Nd6 18. a4 a6 19. a5 Nbc4 20. b4 Nb5
21. Nxb5 axb5 22. Be3 Qxb4
0-1